000 00891nam a22002295i 4500
001 154732
003 ES-MaACL
005 20251221185940.0
008 040709s1876 gw |||| | ger d
040 _aCAM
_bspa
_cCAM
100 1 _aGraetz, Heinrich,
_d1817-1891
_9127523
245 1 0 _aGeschichte der Judäer von dem Code des Juda Makkabi's bis zum Untergange des judäischen Staates /
_cvon H. Graetz.
250 _a2. verb. und stark ver. Aufl.
260 _aLeipzig :
_bOskar Leiner,
_c1878.
300 _aXVI, 692 p. ;
_c21 cm.
490 1 _aGeschichte der Juden von den ästesten Zeiten bis auf die Gegenwart ;
_v3
650 _aJudíos-
_vHistoria.
_913994
651 4 _aIsrael-
_xHistoria.
_98858
830 0 _aGeschichte der Juden von den ältesten Zeiten bis auf die Gegenwart
_v3
_9187903
852 _aES-MaACL
_jG-2575
_z-- Enc. hol.
999 _c154732
_d154732